Sucker's progress: an informal history of gambling in America from the colonies to canfield
| Main Author: | |
|---|---|
| Format: | Print Book |
| Language: | English |
| Published: |
Montclair, N.J.
Patterson Smith
1969
|
| In: |
Patterson Smith reprint series in criminology, law enforcement, and social problems (51)
Year: 1969 |
| Edition: | New York 1938, Repr. |
| Availability in Tübingen: | Present in Tübingen. UB: KB 2 A 45 |
| Check availability: | HBZ Gateway |
| Subito Delivery Service: | Order now. |
| Keywords: |
MARC
| LEADER | 00000cam a22000002c 4500 | ||
|---|---|---|---|
| 001 | 1095452312 | ||
| 003 | DE-627 | ||
| 005 | 20220610113104.0 | ||
| 007 | tu | ||
| 008 | 910828s1969 xx ||||| 00| ||eng c | ||
| 035 | |a (DE-627)1095452312 | ||
| 035 | |a (DE-576)025452312 | ||
| 035 | |a (DE-599)BSZ025452312 | ||
| 035 | |a (OCoLC)311646196 | ||
| 035 | |a (DE-604)8071999035 | ||
| 040 | |a DE-627 |b ger |c DE-627 |e rakwb | ||
| 041 | |a eng | ||
| 084 | |a MS 6410 |2 rvk |0 (DE-625)rvk/123754: | ||
| 100 | 1 | |a Asbury, Herbert |4 aut | |
| 245 | 1 | 0 | |a Sucker's progress |b an informal history of gambling in America from the colonies to canfield |c Herbert Asbury |
| 250 | |a New York 1938, Repr. | ||
| 264 | 1 | |a Montclair, N.J. |b Patterson Smith |c 1969 | |
| 300 | |a X, 493 S. | ||
| 336 | |a Text |b txt |2 rdacontent | ||
| 337 | |a ohne Hilfsmittel zu benutzen |b n |2 rdamedia | ||
| 338 | |a Band |b nc |2 rdacarrier | ||
| 490 | 1 | |a Patterson Smith reprint series in criminology, law enforcement, and social problems |v 51 | |
| 583 | 1 | |a Archivierung prüfen |c 20200919 |f DE-640 |z 2 |2 pdager | |
| 689 | 0 | 0 | |d g |0 (DE-588)4078704-7 |0 (DE-627)106076612 |0 (DE-576)209209682 |a USA |2 gnd |
| 689 | 0 | 1 | |d s |0 (DE-588)4124233-6 |0 (DE-627)105749249 |0 (DE-576)20956640X |a Spielsucht |2 gnd |
| 689 | 0 | |5 (DE-627) | |
| 830 | 0 | |a Patterson Smith reprint series in criminology, law enforcement, and social problems |v 51 |9 51 |w (DE-627)167182323 |w (DE-576)023700173 |w (DE-600)424504-0 |7 am | |
| 936 | r | v | |a MS 6410 |b Sucht, Selbstmord, Tabus, Alkoholismus |k Soziologie |k Spezielle Soziologien |k Soziale Probleme |k Sucht, Selbstmord, Tabus, Alkoholismus |0 (DE-627)1271141701 |0 (DE-625)rvk/123754: |0 (DE-576)201141701 |
| 951 | |a BO | ||
| ELC | |b 1 | ||
| LOK | |0 000 xxxxxcx a22 zn 4500 | ||
| LOK | |0 001 2170836365 | ||
| LOK | |0 003 DE-627 | ||
| LOK | |0 004 1095452312 | ||
| LOK | |0 005 20010918000000 | ||
| LOK | |0 008 910828||||||||||||||||ger||||||| | ||
| LOK | |0 040 |a DE-21 |c DE-627 |d DE-21 | ||
| LOK | |0 852 |a DE-21 | ||
| LOK | |0 852 1 |c KB 2 A 45 |9 00 | ||
| LOK | |0 935 |a krim | ||
| LOK | |0 936ln |a k9.9 | ||
| LOK | |0 939 |a 28-08-91 |b l01 | ||
| ORI | |a SA-MARC-krimdoka001.raw | ||
| SIG | |a UB: KB 2 A 45 | ||
